| 000 | 01049nam a22003857a 4500 | ||
|---|---|---|---|
| 001 | 0002681 | ||
| 003 | KOHA_MİRAKIL | ||
| 005 | 20260207001318.0 | ||
| 007 | ta | ||
| 008 | 090304b2004 tu |||gr||||#||||0|tur | | ||
| 020 | _a975591045X | ||
| 040 |
_aTR-BiSEU _btur _cTR-BiSEU _erda |
||
| 041 | 0 | _atur | |
| 044 | _ctu | ||
| 050 |
_aLB2369 _b.K37 2004 |
||
| 100 | 1 | _aKarasar, Niyazi. | |
| 245 | 1 |
_aAraştırmalarda rapor hazırlama/ _cNiyazi Karasar ; Niyazi Karasar. |
|
| 250 | _a12. bs. | ||
| 264 | 1 |
_aAnkara : _bNobel Yayın Dağıtım _c2004 |
|
| 300 | _aXV, 135 sayfa: resimli | ||
| 336 |
_ametin _btxt _2rdacontent |
||
| 337 |
_aaracısız _bn _2rdamedia |
||
| 338 |
_acilt _bnc _2rdacarrier |
||
| 490 | 1 |
_aYayın ; _vno. |
|
| 490 | 1 | _a67. | |
| 490 | 1 |
_aEğitim yayınları ; _vdizi no. |
|
| 490 | 1 | _a10 | |
| 500 | _aKaynakça var. | ||
| 650 | 0 |
_aRapor yazma. _91912 |
|
| 830 | 1 |
_aYayın ; _vno. _91557 |
|
| 830 | 1 |
_a67. _96549 |
|
| 830 | 1 |
_aEğitim yayınları ; _vdizi no. _91892 |
|
| 830 | 1 |
_a10 _96678 |
|
| 942 |
_2lcc _cBK |
||
| 999 |
_c2668 _d2668 |
||